<?xml version="1.0" encoding="UTF-8"?>
<record
    xmlns:xsi="http://www.w3.org/2001/XMLSchema-instance"
    xsi:schemaLocation="http://www.loc.gov/MARC21/slim http://www.loc.gov/standards/marcxml/schema/MARC21slim.xsd"
    xmlns="http://www.loc.gov/MARC21/slim">

  <leader>00818nam a22001577a 4500</leader>
  <controlfield tag="003">OSt</controlfield>
  <controlfield tag="005">20160316145819.0</controlfield>
  <controlfield tag="008">160316b        xxu||||| |||| 00| 0 eng d</controlfield>
  <datafield tag="040" ind1=" " ind2=" ">
    <subfield code="c">RUA</subfield>
  </datafield>
  <datafield tag="082" ind1=" " ind2=" ">
    <subfield code="a">AGR SOU 2012 B471 Or.1</subfield>
  </datafield>
  <datafield tag="100" ind1=" " ind2=" ">
    <subfield code="9">8021</subfield>
    <subfield code="a">SOUNG MAKARA ; &#x179F;&#x17BD;&#x1784; &#x1798;&#x1780;&#x179A;&#x17B6;</subfield>
  </datafield>
  <datafield tag="245" ind1=" " ind2=" ">
    <subfield code="a">Comparison growing technique on mungbean palnting in rainfed lowlan after harvesting wet season rice and dpland , &#x1794;&#x17D2;&#x179A;&#x17C0;&#x1794;&#x1792;&#x17C0;&#x1794;&#x1794;&#x1785;&#x17D2;&#x1785;&#x17C1;&#x1780;&#x1791;&#x17C1;&#x179F;&#x178A;&#x17C6;&#x17B6;&#x178A;&#x17BB;&#x17C7; &#x179B;&#x17BE;&#x1780;&#x17B6;&#x179A;&#x178A;&#x17C6;&#x17B6;&#x178A;&#x17BB;&#x17C7;&#x179F;&#x178E;&#x17D2;&#x178A;&#x17C2;&#x1780;&#x1794;&#x17B6;&#x1799; &#x1793;&#x17C5;&#x178F;&#x17C6;&#x1794;&#x1793;&#x17CB;&#x1791;&#x17C6;&#x1793;&#x17B6;&#x1794;&#x17A2;&#x17B6;&#x179F;&#x17D2;&#x179A;&#x17D0;&#x1799;&#x1791;&#x17B9;&#x1780;&#x1797;&#x17D2;&#x179B;&#x17C0;&#x1784;&#x1780;&#x17D2;&#x179A;&#x17C4;&#x1799;&#x1796;&#x17C1;&#x179B;&#x1785;&#x17D2;&#x179A;&#x17BC;&#x178F;&#x1780;&#x17B6;&#x178F;&#x17CB;&#x179F;&#x17D2;&#x179A;&#x17BC;&#x179C;&#x179C;&#x179F;&#x17D2;&#x179F;&#x17B6; &#x1793;&#x17B7;&#x1784;&#x1791;&#x17B8;&#x1791;&#x17BD;&#x179B;</subfield>
  </datafield>
  <datafield tag="260" ind1=" " ind2=" ">
    <subfield code="a">Phnom Penh</subfield>
    <subfield code="b">RUA</subfield>
    <subfield code="c">2012</subfield>
  </datafield>
  <datafield tag="300" ind1=" " ind2=" ">
    <subfield code="a">x ;39.</subfield>
    <subfield code="b">ill.</subfield>
    <subfield code="c">29cm.</subfield>
  </datafield>
  <datafield tag="942" ind1=" " ind2=" ">
    <subfield code="2">ddc</subfield>
    <subfield code="c">AGR</subfield>
  </datafield>
  <datafield tag="999" ind1=" " ind2=" ">
    <subfield code="c">7619</subfield>
    <subfield code="d">7619</subfield>
  </datafield>
  <datafield tag="952" ind1=" " ind2=" ">
    <subfield code="0">0</subfield>
    <subfield code="1">0</subfield>
    <subfield code="2">ddc</subfield>
    <subfield code="4">0</subfield>
    <subfield code="6">AGR_SOU_2012_000000000000000_B471_OR_1</subfield>
    <subfield code="7">0</subfield>
    <subfield code="9">45245</subfield>
    <subfield code="a">LBB</subfield>
    <subfield code="b">LBB</subfield>
    <subfield code="c">B471</subfield>
    <subfield code="d">2016-03-16</subfield>
    <subfield code="l">1</subfield>
    <subfield code="o">AGR SOU 2012 B471 Or.1</subfield>
    <subfield code="p">RUA057446</subfield>
    <subfield code="r">2017-10-24</subfield>
    <subfield code="s">2017-10-04</subfield>
    <subfield code="w">2016-03-16</subfield>
    <subfield code="y">AGR</subfield>
  </datafield>
</record>
